[Event "Lliga Catalana eq. DH"]
[Site "?"]
[Date "2014.05.29"]
[Round "10"]
[White "Fernandez Lopez, J."]
[Black "Sole Fabregat, X."]
[Result "0-1"]
[WhiteElo "2171"]
[BlackElo "2305"]
[PlyCount "86"]
[EventDate "2014.??.??"]
[EventType "team"]
[EventCountry "ESP"]

1. e4 Nc6 2. Nc3 Nf6 3. d4 d5 4. e5 Nd7 5. Nxd5 Ndb8 6. Nc3 Qxd4 7. Qxd4 Nxd4
8. Bd3 Be6 9. Be3 Nbc6 10. O-O-O O-O-O 11. Be4 g6 12. Nge2 Nxe2+ 13. Nxe2 Rxd1+
14. Rxd1 Nxe5 15. Bd4 Bh6+ 16. Kb1 Rd8 17. Nc3 Nc4 18. Ka1 a6 19. Bc5 Rxd1+ 20.
Nxd1 Nd6 21. Bf3 b6 22. Bd4 Kd7 23. Ne3 Nb5 24. Be5 f6 25. Bg3 Nd4 26. Bd1 Nf5
27. Nxf5 Bxf5 28. b3 Bc1 29. f3 Ba3 30. Kb1 a5 31. Be2 Bd6 32. Bxd6 Kxd6 33.
Kc1 Kc5 34. a3 b5 35. Kd2 b4 36. a4 Kd4 37. Bc4 g5 38. g4 Bg6 39. Be6 h5 40. h3
hxg4 41. hxg4 Be8 42. Bf5 Bc6 43. Ke2 Bd5 0-1

[Event "Lliga Catalana eq. DH"]
[Site "?"]
[Date "2014.03.29"]
[Round "10"]
[White "Fernandez Muixi, F."]
[Black "Mateu Guiu, E."]
[Result "0-1"]
[WhiteElo "2252"]
[BlackElo "2159"]
[PlyCount "72"]
[EventDate "2014.??.??"]
[EventType "team"]
[EventCountry "ESP"]

1. e4 c5 2. Nf3 Nc6 3. d4 cxd4 4. Nxd4 g6 5. Nc3 Bg7 6. Be3 Nf6 7. Bc4 O-O 8.
Bb3 d6 9. f3 Bd7 10. Qd2 Nxd4 11. Bxd4 b5 12. a4 b4 13. Nd5 Nxd5 14. Bxg7 Kxg7
15. Bxd5 Rc8 16. O-O Qa5 17. Kh1 Rc5 18. Bb3 Rfc8 19. f4 Be6 20. Qd4+ Kg8 21.
f5 Bxb3 22. cxb3 Rc2 23. Qe3 Qe5 24. Qf3 f6 25. fxg6 hxg6 26. Rad1 R8c5 27. Qg4
Kf7 28. h4 Rxb2 29. Rd3 Rc3 30. Rdf3 Rbxb3 31. Rf5 gxf5 32. exf5 Ke8 33. Qg8+
Kd7 34. Qa8 Rh3+ 35. gxh3 Rxh3+ 36. Kg2 Qh2# 0-1

[Event "Lliga Catalana eq. DH"]
[Site "?"]
[Date "2014.03.29"]
[Round "10"]
[White "Gallart Zafra, J."]
[Black "Martinez Lopez, I."]
[Result "1-0"]
[WhiteElo "2339"]
[BlackElo "2327"]
[PlyCount "117"]
[EventDate "2014.??.??"]
[EventType "team"]
[EventCountry "ESP"]

1. e4 e5 2. d4 exd4 3. Qxd4 Nc6 4. Qe3 Nf6 5. Nc3 Bb4 6. Bd2 O-O 7. O-O-O Re8
8. Bc4 d6 9. Nge2 Ne5 10. Bb3 Bc5 11. Qg5 Nfg4 12. Qxd8 Rxd8 13. f4 Nc6 14.
Rde1 Be6 15. Bxe6 fxe6 16. h3 Nf6 17. Rhf1 a6 18. g4 b5 19. a3 Rab8 20. f5 e5
21. Ng3 h6 22. g5 hxg5 23. Bxg5 Kf7 24. Nd5 Rh8 25. Bxf6 gxf6 26. Nxc7 Rxh3 27.
Ne2 a5 28. Rh1 Rxh1 29. Rxh1 b4 30. axb4 axb4 31. Kd2 Rg8 32. Rh7+ Rg7 33.
Rxg7+ Kxg7 34. Kd3 Na5 35. c3 bxc3 36. Kxc3 Bf2 37. Ne8+ Kf7 38. Nxd6+ Ke7 39.
Nc4 Nc6 40. Kd2 Kd7 41. Nc3 Bh4 42. Nd5 Nd4 43. b4 Kc6 44. Kd3 Bg5 45. Nc3 Bh4
46. Na5+ Kd6 47. Kc4 Nf3 48. Nb5+ Kd7 49. Kd5 Be1 50. Nc6 Nd2 51. Nb8+ Kc8 52.
Na6 Kd7 53. Nc5+ Ke7 54. Nc7 Nb1 55. b5 Bf2 56. Na4 Kd7 57. Ne6 Nd2 58. b6 Nb3
59. Nac5+ 1-0

[Event "Lliga Catalana eq. DH"]
[Site "?"]
[Date "2014.03.29"]
[Round "10"]
[White "Garrido Fernandez, D."]
[Black "Crespo, JM."]
[Result "1/2-1/2"]
[WhiteElo "2347"]
[BlackElo "2230"]
[PlyCount "121"]
[EventDate "2014.??.??"]
[EventType "team"]
[EventCountry "ESP"]

1. e4 c5 2. Nc3 Nc6 3. Bb5 Nd4 4. Bc4 d6 5. d3 Nf6 6. Nge2 Nxe2 7. Qxe2 e5 8.
O-O Be7 9. f4 exf4 10. Bxf4 O-O 11. Rae1 Bg4 12. Qf2 Be6 13. Nd5 Ng4 14. Nxe7+
Qxe7 15. Qg3 Rad8 16. Bd5 f6 17. c3 Ne5 18. d4 Ng6 19. Bd2 b6 20. h4 Qd7 21. h5
Ne7 22. Bxe6+ Qxe6 23. d5 Qd7 24. c4 Kh8 25. Bc3 Ng8 26. Rf4 Rf7 27. Ref1 Rdf8
28. Qf3 h6 29. b3 Ne7 30. g4 Kh7 31. Qg3 Nc8 32. Rf5 a6 33. Qf2 Kg8 34. a4 Ne7
35. Rf4 Nc8 36. Kg2 Ne7 37. Ra1 a5 38. Rf1 Nc8 39. Qb2 Qe7 40. Qc2 Na7 41. Qd3
Nc8 42. R4f2 Re8 43. Re1 Qd7 44. Qf3 Ref8 45. Qf5 Qe8 46. Rf3 Qe7 47. Re2 Qe8
48. Bd2 Ne7 49. Qf4 Qd7 50. Qg3 Nc8 51. Bf4 Rd8 52. Rf1 Qe7 53. Qf3 Rdf8 54.
Bg3 Qd7 55. Qf5 Re8 56. Rfe1 Qd8 57. Re3 Ne7 58. Qf4 Nc8 59. Rf1 Qd7 60. Qf3
Ref8 61. Qf5 1/2-1/2

[Event "Lliga Catalana eq. DH"]
[Site "?"]
[Date "2014.03.29"]
[Round "10"]
[White "Gensana Berzunces, J."]
[Black "Clopes Llahi, J."]
[Result "0-1"]
[WhiteElo "2041"]
[BlackElo "2227"]
[PlyCount "68"]
[EventDate "2014.??.??"]
[EventType "team"]
[EventCountry "ESP"]

1. e4 c6 2. d4 g6 3. Nf3 d5 4. exd5 cxd5 5. Bd3 Nc6 6. O-O Bg7 7. c3 Nh6 8. Re1
O-O 9. Bf4 a6 10. Qc1 Nf5 11. Nbd2 Re8 12. Nf1 Nd6 13. Ng3 b5 14. Bh6 Bh8 15.
Qf4 f6 16. Qd2 Nf7 17. Qc2 Nxh6 18. Bxg6 f5 19. Bxh7+ Kxh7 20. Ng5+ Kg6 21. Qe2
e5 22. Qh5+ Kg7 23. dxe5 Nxe5 24. f4 Ng6 25. Qf3 Qb6+ 26. Kh1 Bb7 27. Qh5 Qf6
28. Qf3 Kg8 29. Nh5 Qd6 30. Re2 Rxe2 31. Qxe2 d4 32. Re1 Nf7 33. cxd4 Nxg5 34.
fxg5 Bxd4 0-1

[Event "Lliga Catalana eq. DH"]
[Site "?"]
[Date "2014.03.29"]
[Round "10"]
[White "Gorgues Valle, JM."]
[Black "Villar Ariño, V."]
[Result "0-1"]
[WhiteElo "1910"]
[BlackElo "2020"]
[PlyCount "76"]
[EventDate "2014.??.??"]
[EventType "team"]
[EventCountry "ESP"]

1. e4 d5 2. exd5 Nf6 3. Nc3 Nxd5 4. Nge2 Bg4 5. f3 Bf5 6. Nxd5 Qxd5 7. Nc3 Qd7
8. d3 e6 9. Bd2 Nc6 10. Be2 Bc5 11. Na4 Bd6 12. Be3 Nb4 13. Nc3 Nd5 14. Nxd5
exd5 15. Qd2 Qa4 16. O-O O-O 17. f4 c5 18. b3 Qd7 19. d4 Rac8 20. Bd3 c4 21.
bxc4 dxc4 22. Bxf5 Qxf5 23. c3 Rfe8 24. g3 b5 25. Rad1 a5 26. Bf2 b4 27. Rfe1
Rxe1+ 28. Bxe1 Qg4 29. Qc1 Re8 30. Bd2 h6 31. Re1 Rxe1+ 32. Qxe1 Qe6 33. Qc1
Qe2 34. Qb2 Qd1+ 35. Kg2 b3 36. Be3 a4 37. a3 Bxa3 38. Qxa3 Qc2+ 0-1

[Event "Lliga Catalana eq. DH"]
[Site "?"]
[Date "2014.03.29"]
[Round "10"]
[White "Heredia Tarrats, A."]
[Black "Almirall Botella, J."]
[Result "0-1"]
[WhiteElo "2147"]
[BlackElo "2199"]
[PlyCount "118"]
[EventDate "2014.??.??"]
[EventType "team"]
[EventCountry "ESP"]

1. e4 c6 2. d4 d5 3. Nc3 dxe4 4. Nxe4 Bf5 5. Ng3 Bg6 6. h4 h6 7. Nf3 Nd7 8. h5
Bh7 9. Bd3 Bxd3 10. Qxd3 e6 11. Bd2 Ngf6 12. O-O-O Be7 13. Kb1 O-O 14. Ne4 c5
15. g4 Nxg4 16. Rdg1 f5 17. Qc4 Qb6 18. Nh4 cxd4 19. Nxf5 Rxf5 20. Rxg4 Ne5 21.
Qe2 Nxg4 22. Qxg4 Ba3 23. b3 Rc8 24. Bxh6 Qc7 25. c4 dxc3 26. Kc2 Qf7 27. Be3
Rd8 28. h6 Qd7 29. Qxg7+ Qxg7 30. hxg7 Kxg7 31. Bxa7 Bb4 32. Bb6 Ra8 33. a4 Ra6
34. Rg1+ Kf7 35. Be3 b5 36. Ng5+ Ke7 37. Rg4 Bd6 38. axb5 Rxb5 39. Ne4 Be5 40.
Nxc3 Rc6 41. Rc4 Rxc4 42. bxc4 Ra5 43. Kb3 Kd7 44. Kb4 Ra1 45. Nb5 Rd1 46. Nc3
Rd3 47. Ne4 Kc6 48. Ng5 Bc3+ 49. Ka4 e5 50. Ne4 Bd4 51. Bh6 Rf3 52. Kb4 Bxf2
53. Nxf2 Rxf2 54. Kc3 Rf3+ 55. Kb4 Rd3 56. Bg7 e4 57. Bc3 e3 58. c5 e2 59. Be1
Rd1 0-1

[Event "Lliga Catalana eq. DH"]
[Site "?"]
[Date "2014.03.29"]
[Round "10"]
[White "Herrero Sabartes, J."]
[Black "Garcia Paolicchi, R."]
[Result "1/2-1/2"]
[WhiteElo "2329"]
[BlackElo "2280"]
[PlyCount "44"]
[EventDate "2014.??.??"]
[EventType "team"]
[EventCountry "ESP"]

1. e4 d5 2. exd5 Qxd5 3. Nc3 Qa5 4. Bc4 Nf6 5. d4 e6 6. Nf3 c6 7. O-O Bd6 8.
Qe2 O-O 9. Ne5 b5 10. Bd3 Qc7 11. Bg5 Nbd7 12. Rfe1 Bb7 13. Nxd7 Nxd7 14. Qh5
g6 15. Qh4 Rfe8 16. Re3 f5 17. Rae1 Nf8 18. Bf6 a6 19. g4 Qf7 20. Be5 Bxe5 21.
Rxe5 Nd7 22. R5e2 Nf6 1/2-1/2

[Event "Lliga Catalana eq. DH"]
[Site "?"]
[Date "2014.03.29"]
[Round "10"]
[White "Marcet Bisbal, A."]
[Black "Granados Gomez, M."]
[Result "0-1"]
[WhiteElo "2372"]
[BlackElo "2434"]
[PlyCount "126"]
[EventDate "2014.??.??"]
[EventType "team"]
[EventCountry "ESP"]

1. d4 d5 2. c4 e6 3. Nc3 Be7 4. cxd5 exd5 5. Bf4 Nf6 6. e3 O-O 7. Bd3 c5 8. Nf3
Nc6 9. h3 a6 10. O-O c4 11. Bb1 b5 12. Bg5 h6 13. Bxf6 Bxf6 14. e4 dxe4 15.
Bxe4 Bb7 16. a4 b4 17. Nd5 Na5 18. Nxf6+ Qxf6 19. Bxb7 Nxb7 20. Qe2 Na5 21.
Rfe1 Rfd8 22. Rac1 Rac8 23. Qf1 Rd5 24. Re3 Qc6 25. Ne5 Qxa4 26. Nxc4 Rxd4 27.
Ra1 Qxa1 28. Qxa1 Nxc4 29. Qxa6 Rcd8 30. Re2 Rd1+ 31. Kh2 Nd2 32. h4 Nf1+ 33.
Kh3 Nd2 34. f3 b3 35. Qa5 Nc4 36. Qb5 Nd6 37. Qxb3 Rh1+ 38. Kg4 g6 39. Qb6 Rd7
40. Qc6 Nf5 41. g3 Rd4+ 42. Re4 Rd6 43. Qc3 Ng7 44. Re1 f5+ 45. Kf4 Rxe1 46.
Qxe1 Re6 47. Qxe6+ Nxe6+ 48. Ke5 Kf7 49. h5 Nc5 50. hxg6+ Kxg6 51. Kd4 Na4 52.
b3 Nb6 53. Kc5 Nc8 54. f4 Kf6 55. Kc6 Ke6 56. b4 h5 57. Kb7 Kd7 58. b5 Nd6+ 59.
Kb6 Kc8 60. Kc5 Ne4+ 61. Kd4 Nxg3 62. Ke3 h4 63. Kf3 Nh5 0-1

[Event "Lliga Catalana eq. DH"]
[Site "?"]
[Date "2014.03.29"]
[Round "10"]
[White "Margalef Guell, J."]
[Black "Casanovas Cantarero, E."]
[Result "1-0"]
[WhiteElo "2106"]
[BlackElo "1916"]
[PlyCount "49"]
[EventDate "2014.??.??"]
[EventType "team"]
[EventCountry "ESP"]

1. d4 d5 2. c4 c6 3. Nc3 Nf6 4. e3 Bf5 5. cxd5 cxd5 6. Qb3 Bc8 7. Bd3 e6 8. Nf3
Nc6 9. Bd2 Be7 10. Rc1 Bd7 11. a3 O-O 12. O-O Na5 13. Qd1 Nc4 14. Bxc4 dxc4 15.
e4 b5 16. Re1 a5 17. e5 Nd5 18. Ne4 Qb6 19. Be3 Rfc8 20. Nfd2 Bc6 21. Qg4 Kh8
22. Ng5 Nxe3 23. Nxf7+ Kg8 24. Qxe6 g6 25. Rxe3 1-0

[Event "Lliga Catalana eq. DH"]
[Site "?"]
[Date "2014.03.29"]
[Round "10"]
[White "Montell Lorenzo, JC."]
[Black "De la Riva Aguado, O."]
[Result "1/2-1/2"]
[WhiteElo "2344"]
[BlackElo "2553"]
[PlyCount "48"]
[EventDate "2014.??.??"]
[EventType "team"]
[EventCountry "ESP"]

1. d4 g6 2. e4 Bg7 3. f4 d5 4. exd5 Qxd5 5. Nf3 Nh6 6. Nc3 Qd8 7. Ne4 O-O 8.
Bc4 b6 9. c3 Bb7 10. Qe2 Nf5 11. O-O Nd7 12. Ne5 Nd6 13. Bd3 e6 14. Bd2 Nxe4
15. Bxe4 Bxe4 16. Qxe4 c5 17. Be3 Nf6 18. Qf3 cxd4 19. Bxd4 Qc7 20. Rad1 Rad8
21. Qc6 Qe7 22. Qf3 Qc7 23. Qc6 Qe7 24. Qf3 Qc7 1/2-1/2

[Event "Lliga Catalana eq. DH"]
[Site "?"]
[Date "2014.03.29"]
[Round "10"]
[White "Onna Amargant, J."]
[Black "Velasco Blasco, JM."]
[Result "1/2-1/2"]
[WhiteElo "2072"]
[BlackElo "2224"]
[PlyCount "61"]
[EventDate "2014.??.??"]
[EventType "team"]
[EventCountry "ESP"]

1. b4 a5 2. b5 c5 3. a4 b6 4. Bb2 d5 5. g3 Nf6 6. Bg2 Bb7 7. Nf3 Nbd7 8. O-O e6
9. d3 Bd6 10. Nbd2 Qe7 11. Re1 e5 12. e4 d4 13. Nc4 O-O 14. Bc1 Bc7 15. Bg5 h6
16. Bxf6 Nxf6 17. Nh4 g6 18. Bh3 Bc8 19. Bxc8 Raxc8 20. Rf1 Qe6 21. Qf3 Nh7 22.
Qg2 Ng5 23. Kh1 Qe7 24. Rae1 Ne6 25. Qh3 Kh7 26. Nf3 Kg7 27. Nh4 Rh8 28. Qg4
Qg5 29. Qh3 Qf6 30. Qg2 Qg5 31. Nf3 1/2-1/2

[Event "Lliga Catalana eq. DH"]
[Site "?"]
[Date "2014.03.29"]
[Round "10"]
[White "Pericas Rechi, M."]
[Black "Benet Morant, D."]
[Result "1-0"]
[WhiteElo "2168"]
[BlackElo "1963"]
[PlyCount "127"]
[EventDate "2014.??.??"]
[EventType "team"]
[EventCountry "ESP"]

1. e4 c5 2. Nf3 e6 3. b3 d5 4. exd5 exd5 5. Bb5+ Nd7 6. O-O a6 7. Re1+ Be7 8.
Bxd7+ Bxd7 9. d4 Nf6 10. Qe2 Ne4 11. Nbd2 Bf5 12. c4 O-O 13. cxd5 Nxd2 14. Qxd2
Bf6 15. Ba3 Qxd5 16. Bxc5 Rfd8 17. Be7 Bxe7 18. Rxe7 Bg4 19. Ne5 Be6 20. Rc1
Kf8 21. Qb4 Kg8 22. h3 b5 23. Rcc7 Qe4 24. Nxf7 Rxd4 25. Nh6+ Kh8 26. Qc3 Rd1+
27. Kh2 Qf4+ 28. Qg3 Qxg3+ 29. Kxg3 Bxb3 30. Rxg7 Bc2 31. Ng4 Rd6 32. Rgf7 Bg6
33. Rf6 Rxf6 34. Nxf6 b4 35. Rb7 a5 36. h4 Rf8 37. Ng4 Bb1 38. a3 Rg8 39. Rb5
Bd3 40. Rd5 Be2 $6 (40... Bc4 $19) 41. f3 b3 42. Rd2 h5 43. Rxe2 hxg4 44. fxg4
a4 45. h5 Rc8 46. Re1 Rc2 47. g5 Kg7 48. Re7+ Kf8 49. Rb7 Rc3+ 50. Kf2 Rc5 51.
Rb8+ Ke7 52. g4 Rxg5 53. Kg3 Kf6 54. Kf4 Rc5 55. g5+ Kg7 56. Rb7+ Kg8 57. h6
Rc6 58. Rg7+ Kh8 59. Rb7 Kg8 60. Kg4 Rd6 61. Kh5 Rd5 62. h7+ Kh8 63. Kh6 Rd8
64. g6 1-0

[Event "Lliga Catalana eq. DH"]
[Site "?"]
[Date "2014.03.29"]
[Round "10"]
[White "Pham Guerrero, S."]
[Black "Benet Catala, A."]
[Result "0-1"]
[WhiteElo "2304"]
[BlackElo "2329"]
[PlyCount "76"]
[EventDate "2014.??.??"]
[EventType "team"]
[EventCountry "ESP"]

1. e4 c6 2. d4 d5 3. e5 Bf5 4. h4 h6 5. g4 Bd7 6. h5 e6 7. Bd3 c5 8. c3 Qb6 9.
dxc5 Bxc5 10. Qe2 a5 11. Nd2 a4 12. Rb1 Qc7 13. f4 Ne7 14. Ngf3 Nbc6 15. b4
axb3 16. Nxb3 Na5 17. Nxc5 Qxc5 18. Be3 Qc8 19. O-O Nc4 20. Nd4 Nxe3 21. Qxe3
O-O 22. f5 exf5 23. gxf5 f6 24. exf6 Rxf6 25. Qxe7 Qxc3 26. Qe3 Ra4 27. Rf4
Rxa2 28. Ne2 Qc7 29. Qd4 Bc6 30. Nc3 Ra5 31. Bb5 Kh7 32. Bd3 Ra3 33. Re1 Rxc3
34. Rg4 Ra3 35. Qc5 Rxd3 36. Re7 Rg3+ 37. Kh2 Qxe7 38. Qxe7 Rxg4 0-1

[Event "Lliga Catalana eq. DH"]
[Site "?"]
[Date "2014.03.29"]
[Round "10"]
[White "Roca Diaz, MA."]
[Black "Lopez Santana, O."]
[Result "1-0"]
[WhiteElo "2148"]
[BlackElo "2279"]
[PlyCount "113"]
[EventDate "2014.??.??"]
[EventType "team"]
[EventCountry "ESP"]

1. d4 e6 2. Nf3 Nf6 3. g3 b5 4. Bg2 Bb7 5. b3 c5 6. a4 b4 7. O-O cxd4 8. Qxd4
Nc6 9. Qh4 d5 10. c3 Be7 11. cxb4 Ne4 12. Qh3 Bf6 13. Ra3 Nxb4 14. Nfd2 Rc8 15.
Nxe4 dxe4 16. Qh5 Qd5 17. Qxd5 exd5 18. Bd2 Nc2 19. Ra2 Nd4 20. Be3 a5 21. Bxd4
Bxd4 22. Na3 Be5 23. Nb5 O-O 24. e3 Rc5 25. Rd1 Rfc8 26. Rad2 Rc1 27. Bf1 h5
28. Kg2 h4 29. Be2 Rxd1 30. Bxd1 Rc1 31. Nd4 g6 32. Bc2 Bxd4 33. exd4 Bc8 34.
gxh4 Bg4 35. Kg3 Bf3 36. Kf4 Kf8 37. b4 axb4 38. Bb3 Ke7 39. Ra2 Rc3 40. Bxd5
Ra3 41. Rxa3 bxa3 42. a5 Be2 43. Kxe4 f6 44. Ke3 Kd6 45. Ba2 Bf1 46. Kd2 Kc6
47. Kc3 Kb5 48. Bf7 Kxa5 49. Bxg6 a2 50. Kb2 Bc4 51. h5 Bg8 52. h6 Kb4 53. h7
Bxh7 54. Bxh7 Kc4 55. Kxa2 Kxd4 56. h4 Ke5 57. f3 1-0

[Event "Lliga Catalana eq. DH"]
[Site "?"]
[Date "2014.03.29"]
[Round "10"]
[White "Subirachs Mancebo, G."]
[Black "Comallonga Fernandez, J."]
[Result "1-0"]
[WhiteElo "2213"]
[BlackElo "2180"]
[PlyCount "59"]
[EventDate "2014.??.??"]
[EventType "team"]
[EventCountry "ESP"]

1. e4 c5 2. b3 Nc6 3. Bb2 e5 4. Bc4 Nf6 5. Nc3 a6 6. a4 d6 7. d3 Be7 8. Nge2
Be6 9. O-O Nd4 10. f4 Qc7 11. f5 Bxc4 12. dxc4 h5 13. Qd3 O-O-O 14. Nd1 Qc6 15.
Nec3 Rdg8 16. Ne3 Bd8 17. Ncd5 Ne8 18. Ra3 Qd7 19. c3 Nc6 20. b4 Ne7 21. a5
Nxd5 22. Nxd5 Nf6 23. b5 Kb8 24. bxa6 bxa6 25. Rb1 Ka7 26. Rb3 Qc6 27. Bc1 Bxa5
28. Ne7 Qxe4 29. Qxe4 Nxe4 30. Nc6+ 1-0

[Event "Lliga Catalana eq. DH"]
[Site "?"]
[Date "2014.03.29"]
[Round "10"]
[White "Torrecillas Martinez, A."]
[Black "Ayas Fernandez, A."]
[Result "1/2-1/2"]
[WhiteElo "2412"]
[BlackElo "2346"]
[PlyCount "89"]
[EventDate "2014.??.??"]
[EventType "team"]
[EventCountry "ESP"]

1. e4 e6 2. d4 d5 3. Nd2 Nf6 4. e5 Nfd7 5. Bd3 c5 6. c3 Nc6 7. Ne2 cxd4 8. cxd4
f6 9. exf6 Nxf6 10. O-O Bd6 11. Nf3 Qc7 12. Bg5 O-O 13. Bh4 Nh5 14. Nc3 a6 15.
Rc1 g6 16. Na4 Rxf3 17. Qxf3 Bxh2+ 18. Kh1 Bf4 19. Rc3 b5 20. Rxc6 Qxc6 21. Nc3
Bc7 22. Bg5 Qd6 23. g3 Bd7 24. Bh6 Bc6 25. Re1 Re8 26. Kg1 Qe7 27. Qg4 Nf6 28.
Qh4 b4 29. Bg5 bxc3 30. Bxf6 Qf7 31. Rc1 Ba5 32. g4 Bb5 33. Bxb5 cxb2 34. Rb1
axb5 35. Rxb2 b4 36. Rb3 Rf8 37. g5 Rc8 38. Rf3 Rc3 39. Rf4 Bc7 40. Be5 Qe8 41.
Bxc7 Rxc7 42. Qg4 Rf7 43. Qf3 Rf5 44. Rxf5 gxf5 45. Qe2 1/2-1/2

[Event "Lliga Catalana eq. DH"]
[Site "?"]
[Date "2014.03.29"]
[Round "10"]
[White "Valdes Romero, L."]
[Black "Fernandez Aguado, E."]
[Result "1-0"]
[WhiteElo "2453"]
[BlackElo "2407"]
[PlyCount "83"]
[EventDate "2014.??.??"]
[EventType "team"]
[EventCountry "ESP"]

1. Nf3 Nf6 2. c4 e6 3. g3 b6 4. Bg2 Bb7 5. O-O c5 6. b3 Be7 7. Bb2 O-O 8. Nc3
d6 9. e3 Nbd7 10. d4 cxd4 11. exd4 a6 12. Re1 Re8 13. Qd2 Bf8 14. h3 Ra7 15. d5
e5 16. Qc2 Bc8 17. a4 g6 18. b4 Rc7 19. Qb3 Bb7 20. Nd2 Qc8 21. Bf1 Nh5 22. a5
Ng7 23. axb6 Nxb6 24. Nce4 Nd7 25. Rac1 Qa8 26. Ra1 Qd8 27. Ba3 Nf5 28. Nf3 Rc8
29. Qa4 Nf6 30. Bb2 Nxe4 31. Rxe4 h5 32. Qb3 Rb8 33. g4 hxg4 34. hxg4 Ng7 35.
Qe3 Bc8 36. Bc3 Be7 37. Qh6 Rf8 38. Rxe5 dxe5 39. Bxe5 Bf6 40. Ng5 Re8 41. Qh7+
Kf8 42. d6 1-0

[Event "Lliga Catalana eq. DH"]
[Site "?"]
[Date "2014.03.29"]
[Round "10.1"]
[White "Movsziszian, K."]
[Black "Cordova Daza, E."]
[Result "0-1"]
[WhiteElo "2544"]
[BlackElo "2568"]
[PlyCount "82"]
[EventDate "2014.??.??"]
[EventType "team"]
[EventCountry "ESP"]

1. g3 e5 2. Bg2 Nc6 3. d3 Bc5 4. Nf3 d6 5. O-O Nge7 6. c4 O-O 7. Nc3 h6 8. Na4
Be6 9. b3 Qc8 10. e3 Bg4 11. a3 a5 12. Qc2 Ng6 13. Nxc5 dxc5 14. Nd2 Bh3 15.
Ne4 Bxg2 16. Kxg2 b6 17. Nc3 Qd7 18. Bb2 Nce7 19. Qe2 Rad8 20. Rad1 f5 21. f4 (
21. Rfe1) 21... Qe6 22. h3 exf4 23. gxf4 (23. exf4) 23... Rfe8 24. Kh2 Nf8 25.
Qf3 Neg6 26. Rfe1 c6 27. Rd2 Qd6 28. Rg1 Rd7 29. Nd1 Nh4 30. Qh5 Nfg6 31. Rg3
Kh7 32. Bc3 Re6 33. Rf2 $2 (33. Rxg6 $5) 33... Qxd3 34. Rd2 Qxd2+ 35. Bxd2
Rxd2+ 36. Kh1 Red6 37. Nc3 Rc2 38. Nb1 Rd3 39. a4 Rxb3 40. Qd1 Rcb2 41. Rg1
Rxe3 0-1

[Event "Lliga Catalana eq. DH"]
[Site "?"]
[Date "2014.03.29"]
[Round "10.1"]
[White "Oratovsky, M."]
[Black "Cuartas Medina, JA."]
[Result "1/2-1/2"]
[WhiteElo "2533"]
[BlackElo "2537"]
[PlyCount "49"]
[EventDate "2014.??.??"]
[EventType "team"]
[EventCountry "ESP"]

1. e4 e5 2. Bc4 Nf6 3. d3 c6 4. Nf3 d5 5. Bb3 Bd6 6. Nc3 d4 7. Ne2 a5 8. c3
dxc3 9. bxc3 Nbd7 10. O-O Nc5 11. Bc2 O-O 12. Ng3 Re8 13. Re1 Bc7 14. Ba3 b6
15. d4 exd4 16. e5 d3 17. Bxc5 dxc2 18. Qxd8 Bxd8 19. exf6 Rxe1+ 20. Rxe1 c1=Q
21. Rxc1 bxc5 22. fxg7 Be6 23. c4 Kxg7 24. Ne4 Be7 25. Ne5 1/2-1/2

[Event "Lliga Catalana eq. DH"]
[Site "?"]
[Date "2014.03.29"]
[Round "10.2"]
[White "Alonso Garcia, R."]
[Black "Gonzalez Perez, A."]
[Result "1/2-1/2"]
[WhiteElo "2423"]
[BlackElo "2567"]
[PlyCount "49"]
[EventDate "2014.??.??"]
[EventType "team"]
[EventCountry "ESP"]

1. e4 e5 2. Nf3 Nc6 3. Bb5 a6 4. Ba4 Nf6 5. O-O b5 6. Bb3 Bc5 7. a4 Rb8 8. c3
d6 9. d4 Bb6 10. axb5 axb5 11. Qd3 O-O 12. Bg5 exd4 13. cxd4 h6 14. Bh4 g5 15.
e5 $5 (15. Bg3) 15... gxh4 16. Qg6+ Kh8 17. Qxh6+ Nh7 18. Bc2 f5 19. exf6 Rf7
20. Ng5 Qxf6 21. Nxf7+ Qxf7 22. Bxh7 Qxh7 23. Qf8+ Qg8 24. Qh6+ Qh7 25. Qf8+
1/2-1/2

[Event "Lliga Catalana eq. DH"]
[Site "?"]
[Date "2014.03.29"]
[Round "10.2"]
[White "Ayza Leon, D."]
[Black "Escandell Mari, JC."]
[Result "0-1"]
[WhiteElo "2302"]
[BlackElo "2364"]
[PlyCount "98"]
[EventDate "2014.??.??"]
[EventType "team"]
[EventCountry "ESP"]

1. e4 c5 2. a3 e6 3. b4 b6 4. Bb2 Bb7 5. bxc5 bxc5 6. d3 Nc6 7. g3 d5 8. Nd2
Nf6 9. Bg2 Nd4 10. e5 Nd7 11. Ngf3 Nxf3+ 12. Nxf3 Qc7 13. O-O Be7 14. Nd2 O-O
15. Rb1 Bc6 16. Qe2 Rab8 17. f4 d4 18. Ne4 Rb6 19. Ba1 Rfb8 20. Rbc1 Bd5 21. c3
dxc3 22. Bxc3 Rb3 23. f5 exf5 24. Nf6+ Nxf6 25. exf6 Bxf6 26. Bxf6 Bxg2 27.
Qxg2 gxf6 28. Qd5 Rxa3 29. Qxf5 Qd6 30. Rc4 Qe5 31. Rg4+ Kh8 32. Qxe5 fxe5 33.
Rxf7 Ra2 34. Rf1 Rd2 35. Re4 Rbb2 36. Ra1 Rg2+ 37. Kh1 Rxh2+ 38. Kg1 Rbg2+ 39.
Kf1 Rxg3 40. Rxa7 Rxd3 41. Kg1 Rc2 42. Ra1 Rg3+ 43. Kh1 Rg5 44. Rh4 Kg7 45.
Ra7+ Kg6 46. Rh6+ Kxh6 47. Rxh7+ Kg6 48. Rg7+ Kf5 49. Rf7+ Kg4 0-1

[Event "Lliga Catalana eq. DH"]
[Site "?"]
[Date "2014.03.29"]
[Round "10.2"]
[White "Ducarmon, Q."]
[Black "Martin Gonzalez, A."]
[Result "1-0"]
[WhiteElo "2411"]
[BlackElo "2464"]
[PlyCount "95"]
[EventDate "2014.??.??"]
[EventType "team"]
[EventCountry "ESP"]

1. e4 c5 2. Nf3 d6 3. Nc3 Nc6 4. Bc4 g6 5. d3 Bg7 6. a3 Nf6 7. O-O O-O 8. h3 a6
9. Ba2 b5 10. Be3 Rb8 11. Qd2 b4 12. axb4 Nxb4 13. Bb3 Nc6 14. Ne2 Nd7 15. Bh6
Nde5 16. Nxe5 dxe5 17. Bxg7 Kxg7 18. Ra2 f6 19. Bc4 Rb6 20. b3 Nd4 21. Rfa1 Qd6
22. Ra3 f5 23. c3 Nxe2+ 24. Qxe2 f4 25. f3 g5 26. Ra5 h5 27. Qf2 Rc6 28. d4 g4
29. d5 Rb6 30. Qxc5 Qf6 31. d6 Rxd6 32. Qxe5 gxf3 33. Qxh5 Rh8 34. Qxf3 e5 35.
Rd5 Rc6 36. Rad1 Qe7 37. Bf1 Rg6 38. g4 fxg3 39. c4 Rf8 40. Qc3 Rg5 41. c5 Qf6
42. Qe3 Kh8 43. Rd6 Qg7 44. Bg2 Qe7 45. c6 Be6 46. Rxe6 Qxe6 47. Qxg5 Rg8 48.
Rd8 1-0

[Event "Lliga Catalana eq. DH"]
[Site "?"]
[Date "2014.03.29"]
[Round "10.3"]
[White "Adel Lahchaichi, O."]
[Black "Rivero Ojeda, C."]
[Result "1-0"]
[WhiteElo "2343"]
[BlackElo "2350"]
[PlyCount "49"]
[EventDate "2014.??.??"]
[EventType "team"]
[EventCountry "ESP"]

1. c4 e5 2. g3 f5 3. Bg2 Nf6 4. Nc3 c6 5. d4 e4 6. d5 Bc5 7. e3 b5 8. cxb5 cxb5
9. Nge2 Na6 10. O-O Nc7 11. d6 Ne6 12. b4 Bxb4 13. Nd5 Bc5 14. Bb2 Bb7 15.
Nxf6+ gxf6 16. Nf4 Ng7 17. Nh5 O-O 18. Nxg7 Kxg7 19. Rc1 Rc8 20. Bh3 Qe8 21.
Bxf5 Kh8 22. Qg4 Qf7 23. Bxd7 Rcd8 24. Be6 Bc8 25. Bxf7 1-0

[Event "Lliga Catalana eq. DH"]
[Site "?"]
[Date "2014.03.29"]
[Round "10.3"]
[White "Fernandez Cazorla, A."]
[Black "Capellades Subirana, M."]
[Result "1-0"]
[WhiteElo "2305"]
[BlackElo "2290"]
[PlyCount "63"]
[EventDate "2014.??.??"]
[EventType "team"]
[EventCountry "ESP"]

1. Nf3 d5 2. d4 e6 3. c4 Nf6 4. g3 c5 5. cxd5 Nxd5 6. Bg2 Nc6 7. O-O Qb6 8. e4
Nf6 9. d5 Nd4 10. Re1 Be7 11. d6 Bd8 12. e5 Nd5 13. Nc3 Nxc3 14. bxc3 Nf5 15.
g4 Nh4 16. Nxh4 Bxh4 17. g5 Bd7 18. Be3 Bc6 19. Rb1 Qa6 20. d7+ Kd8 21. Bxc6
Qxc6 22. Qg4 Kxd7 23. Qxh4 Kc7 24. Red1 Rad8 25. Qf4 Rhf8 26. Rd6 Rxd6 27.
exd6+ Kd7 28. Bxc5 Qxc5 29. Rxb7+ Kc8 30. Rc7+ Qxc7 31. dxc7 f6 32. Qb4 1-0